Duże skocznie narciarskie - Statystyki

Ogólne statystyki
  • Ten quiz został rozwiązany 33 razy
  • Średni wynik to 23 z 44
Statystyki odpowiedzi
Państwo Nazwa (Miejscowość) Rozmiar % Poprawnych
Polska Wielka Krokiew (Zakopane) HS140
100%
Polska Skocznia im. Adama Małysza (Wisła) HS134
97%
Słowenia Bloudkova velikanka (Planica) HS138
93%
Niemcy Große Olympiaschanze (Garmisch-Partenkirchen) HS142
93%
Japonia Ōkurayama (Sapporo) HS137
90%
Norwegia Holmenkollbakken (Oslo) HS134
86%
Finlandia Rukatunturi (Ruka) HS142
83%
Finlandia Salpausselän Hyppyrimäet (Lahti) HS130
83%
Włochy Trampolino Giuseppe dal Ben (Predazzo) HS141
83%
Austria Bergisel-Schanze (Innsbruck) HS128
79%
Norwegia Granåsen (Trondheim) HS140
76%
Niemcy Mühlenkopfschanze (Willingen) HS147
76%
Norwegia Lysgårdsbakken (Lillehammer) HS140
69%
Niemcy Schattenbergschanze (Oberstdorf) HS137
69%
Szwajcaria Gross-Titlis-Schanze (Engelberg) HS140
66%
Szwecja Lugnet (Falun) HS132
66%
Stany Zjednoczone MacKenzie Intervale Ski Jump (Lake Placid) HS128
62%
Korea Południowa Alpensia Ski Jumping Centre (Pjongczang) HS142
59%
Japonia Duża Skocznia (Hakuba) HS134
59%
Austria Paul-Außerleitner-Schanze (Bischofshofen) HS142
59%
Finlandia Puijon Hyppyrimäki (Kuopio) HS127
59%
Rosja Skocznia Olimpijska (Esto-Sadok) HS140
59%
Niemcy Hochfirstschanze (Titisee-Neustadt) HS142
55%
Rosja Tramplin Stork (Niżny Tagił) HS134
55%
Niemcy Vogtland Arena (Klingenthal) HS140
55%
Kazachstan Sunkar (Ałmaty) HS140
52%
Norwegia Vikersundbakken (Vikersund) HS117
52%
Francja Tremplin au Praz (Courchevel) HS132
48%
Stany Zjednoczone Pine Mountain Jump (Iron Mountain) HS133
41%
Kanada Whistler Olympic Park Ski Jumps (Whistler) HS142
38%
Stany Zjednoczone Utah Olympic Park Jumps (Park City) HS134
34%
Kazachstan Łyżny Burabaj (Szczuczyńsk) HS140
31%
Chiny Snow Ruyi (Zhangjiakou) HS140
31%
Niemcy Hans-Renner-Schanze (Oberhof) HS140
28%
Turcja TürkTelekom Ski Jumping Towers (Erzurum) HS140
28%
Norwegia Renabakkene (Rena) HS139
24%
Szwajcaria Andreas Küttel-Schanze (Einsiedeln) HS117
17%
Austria Brunnentalschanzen (Stams) HS115
17%
Rosja Śnieżynka (Czajkowskij) HS140
10%
Francja La Côté Feuillée (Chaux Neuve) HS118
7%
Chiny Qishan Ski Jumping Hills (Laiyuan) HS140
7%
Stany Zjednoczone Snowflake Ski Jump (Westby) HS123
7%
Norwegia Bavallsbakken (Voss) HS118
3%
Norwegia Fageråsbakken (Mo i Rana) HS110
3%
Nie znaleziono quizów pasujących do podanych kryteriów
Rozkład punktacji
Procent ludzi z każdym wynikiem
Percentyl według liczby udzielonych odpowiedzi
Twoja historia wyników
Nie rozwiązałeś tego quizu